[Event "Tradewise Gibraltar Chess Festival 2014 "]
[Site "The Caleta Hotel - Gibraltar"]
[Date "2014.02.01"]
[Round "5.82"]
[White "Tania, Sachdev"]
[Black "Vinas Guerrero, Carlos A"]
[Result "1/2-1/2"]
[WhiteElo "2442"]
[BlackElo "2153"]
[PlyCount "79"]
[EventDate "2014.01.28"]

1. d4 d5 2. c4 dxc4 3. Nf3 a6 4. e3 b5 5. a4 Bb7 6. axb5 axb5 7. Rxa8 Bxa8 8.
b3 e6 9. bxc4 bxc4 10. Bxc4 Nf6 11. O-O Nbd7 12. Qe2 Be7 13. Nc3 Ne4 14. Nxe4
Bxe4 15. Nd2 Bb7 16. Bb2 O-O 17. Rd1 Qa8 18. e4 Nf6 19. Bd3 Qa2 20. Rb1 Ba8 21.
Bc3 Qa3 22. Rb3 Qa7 23. Rb5 Rb8 24. Ra5 Qb7 25. Ra6 Bb4 26. Bxb4 Qxb4 27. Nf3
c5 28. dxc5 Qxc5 29. Ra1 g6 30. h3 Qc3 31. Rd1 Rd8 32. Rd2 Kg7 33. Qe3 h6 34.
e5 Nd5 35. Qa7 Qc7 36. Qxc7 Nxc7 37. Bc4 Rxd2 38. Nxd2 Bc6 39. f4 g5 40. g3
1/2-1/2

[Event "Tradewise Gibraltar Chess Festival 2014 "]
[Site "The Caleta Hotel - Gibraltar"]
[Date "2014.02.01"]
[Round "5.83"]
[White "Osuna Vega, Enrique"]
[Black "Aloma Vidal, Robert"]
[Result "0-1"]
[WhiteElo "2141"]
[BlackElo "2416"]
[PlyCount "74"]
[EventDate "2014.01.28"]

1. e4 c5 2. Nf3 d6 3. d4 cxd4 4. Nxd4 Nf6 5. f3 e5 6. Bb5+ Nbd7 7. Nf5 d5 8.
exd5 a6 9. Ba4 b5 10. Bb3 Nb6 11. Ne3 Bc5 12. Nc3 O-O 13. Qd3 b4 14. Na4 Nxa4
15. Bxa4 Bb7 16. Bd2 a5 17. O-O-O Bd4 18. Nf5 Ba6 19. Bb5 Bxb5 20. Qxb5 Rb8 21.
Qc4 Bb6 22. Bg5 Qd7 23. Nh6+ Kh8 24. Bxf6 gxf6 25. Qe4 a4 26. Rd3 b3 27. axb3
axb3 28. Rxb3 Bd4 29. Qf5 Qe7 30. Ng4 Kg7 31. Rxb8 Rxb8 32. c3 Bxc3 33. bxc3
Qa3+ 34. Kd2 Rb2+ 35. Ke3 Qxc3+ 36. Qd3 Qc5+ 37. Ke4 Rb4+ 0-1

[Event "Tradewise Gibraltar Chess Festival 2014 "]
[Site "The Caleta Hotel - Gibraltar"]
[Date "2014.02.01"]
[Round "5.84"]
[White "Allor, Chukwuka"]
[Black "Gaehwiler, Gabriel"]
[Result "1/2-1/2"]
[WhiteElo "2138"]
[BlackElo "2332"]
[PlyCount "156"]
[EventDate "2014.01.28"]

1. Nf3 Nf6 2. g3 g6 3. Bg2 Bg7 4. c4 O-O 5. Nc3 d6 6. O-O e5 7. Rb1 a5 8. d3
Nc6 9. a3 Re8 10. e4 Bg4 11. h3 Bxf3 12. Bxf3 Nd4 13. Bg2 c6 14. Ne2 Nd7 15.
Nxd4 exd4 16. b4 axb4 17. axb4 Nb6 18. Bb2 Na4 19. Qc2 Qb6 20. Qb3 Nc5 21. Qc2
Na4 22. Bf3 Ra7 23. Ra1 Rea8 24. Rfb1 Nc3 25. Rxa7 Rxa7 26. Ra1 Rxa1+ 27. Bxa1
Qxb4 28. Bxc3 dxc3 29. Bd1 Qb2 30. Kg2 Bd4 31. Qxb2 cxb2 32. Bc2 Kf8 33. Kf3
Ke7 34. Ke2 b5 35. cxb5 cxb5 36. Bb1 Kd8 37. f4 b4 38. g4 b3 39. Kf3 Kc7 40. f5
g5 41. Ke2 Kd8 42. Kf3 Ke7 43. Ke2 Kf6 44. Kf3 Ke5 45. Kg3 Bg1 46. Kf3 Kd4 47.
Ke2 Be3 48. Kf3 Bc1 49. Ke2 Ke5 50. Kf3 Bd2 51. Kg3 Bc3 52. Kf3 Bd4 53. Kg3 Kf6
54. Kf3 Kg7 55. Kg3 h5 56. gxh5 Kh6 57. Kg4 Bf6 58. d4 Bxd4 59. h4 Bf6 60.
hxg5+ Bxg5 61. Bd3 Bd2 62. Bb1 Kg7 63. Kf3 Kh6 64. Ke2 Bf4 65. Kf3 Kg5 66. h6
Be5 67. h7 Kh6 68. Ke3 Kxh7 69. Kd3 Kh6 70. Kc4 Kg5 71. Kxb3 Kf4 72. Ka2 Ke3
73. Bc2 Kd2 74. Kb1 Ke3 75. Ka2 Bf6 76. Kb1 Kd2 77. Bb3 Kd3 78. Bd5 Be5 1/2-1/2

[Event "Tradewise Gibraltar Chess Festival 2014 "]
[Site "The Caleta Hotel - Gibraltar"]
[Date "2014.02.01"]
[Round "5.85"]
[White "Wahlbom, Magnus"]
[Black "Amgalanbaatar, Ravdanlkhumbuu"]
[Result "1/2-1/2"]
[WhiteElo "2297"]
[BlackElo "2137"]
[PlyCount "150"]
[EventDate "2014.01.28"]

1. e4 e6 2. d4 d5 3. Nd2 Nf6 4. e5 Nfd7 5. Bd3 c5 6. c3 Nc6 7. Ne2 cxd4 8. cxd4
f6 9. exf6 Nxf6 10. O-O Bd6 11. Nf3 Qc7 12. g3 O-O 13. Bf4 Bxf4 14. Nxf4 Ne4
15. Qe2 Rxf4 16. gxf4 Qxf4 17. Qe3 Qg4+ 18. Kh1 Bd7 19. Rg1 Qf5 20. Rg5 Nxf2+
21. Qxf2 Qxd3 22. Rag1 g6 23. Qg2 Rf8 24. Ne1 Qe4 25. Nc2 Rf2 26. Qxe4 dxe4 27.
R5g2 Rf8 28. Re1 Ne7 29. Kg1 Nf5 30. Rxe4 Bc6 31. Rxe6 Bxg2 32. Kxg2 Rc8 33.
Nb4 a5 34. Nd3 Rc2+ 35. Kh3 Rd2 36. Nc5 Rxb2 37. d5 Rb5 38. d6 Nxd6 39. Rxd6
Rxc5 40. Rd8+ Kg7 41. Rd7+ Kh6 42. Rxb7 Rc2 43. Rb5 Rxa2 44. Kg3 Ra4 45. h4 Ra1
46. Kg2 a4 47. Ra5 a3 48. Ra7 a2 49. Kh2 Kh5 50. Rxh7+ Kg4 51. Ra7 Kxh4 52.
Ra4+ Kg5 53. Kg2 Kf5 54. Ra5+ Ke4 55. Ra8 g5 56. Re8+ Kd5 57. Ra8 Kc6 58. Ra3
g4 59. Ra8 Kb6 60. Ra3 Kb7 61. Ra4 Kb6 62. Ra3 Kc5 63. Ra8 Kc4 64. Rc8+ Kd3 65.
Rd8+ Ke3 66. Re8+ Kf4 67. Rf8+ Ke5 68. Re8+ Kd5 69. Rd8+ Kc5 70. Rc8+ Kb6 71.
Ra8 Kc6 72. Ra3 g3 73. Ra8 Kc5 74. Rc8+ Kb6 75. Ra8 Kc5 1/2-1/2

[Event "Tradewise Gibraltar Chess Festival 2014 "]
[Site "The Caleta Hotel - Gibraltar"]
[Date "2014.02.01"]
[Round "5.86"]
[White "Sanchez Jerez, Emilio Miguel"]
[Black "Weichelt, Jens"]
[Result "1/2-1/2"]
[WhiteElo "2287"]
[BlackElo "2116"]
[PlyCount "60"]
[EventDate "2014.01.28"]

1. e4 d5 2. exd5 Qxd5 3. Nf3 Nf6 4. d4 Bg4 5. Be2 e6 6. c4 Qd8 7. Qb3 Qc8 8.
Nc3 Be7 9. h3 Bh5 10. g4 Bg6 11. Ne5 O-O 12. Bf3 c6 13. h4 Nfd7 14. Nxd7 Qxd7
15. h5 Bd3 16. Be3 h6 17. O-O-O Bh7 18. Ne4 Qc7 19. Rdg1 f6 20. c5 Qd7 21. Bf4
Na6 22. Nd6 Rab8 23. Nf5 Rbd8 24. Rd1 Rf7 25. Nxe7+ Rxe7 26. Bd6 Ree8 27. Rhe1
Qc8 28. Qa3 Nc7 29. Be4 Bxe4 30. Rxe4 Nb5 1/2-1/2

[Event "Tradewise Gibraltar Chess Festival 2014 "]
[Site "The Caleta Hotel - Gibraltar"]
[Date "2014.02.01"]
[Round "5.87"]
[White "Heer, Stephan"]
[Black "Maisuradze, Nino"]
[Result "0-1"]
[WhiteElo "2106"]
[BlackElo "2279"]
[PlyCount "80"]
[EventDate "2014.01.28"]

1. e4 c5 2. Nf3 e6 3. d3 Nc6 4. g3 g6 5. Bg2 Bg7 6. O-O Nge7 7. Re1 O-O 8. c3
d5 9. Nbd2 h6 10. Qe2 b6 11. Nf1 Ba6 12. e5 Qc7 13. h4 b5 14. Bf4 b4 15. N1h2
bxc3 16. bxc3 Qa5 17. Rac1 h5 18. g4 Qa4 19. c4 dxc4 20. dxc4 Rad8 21. gxh5 Nd4
22. Nxd4 Rxd4 23. Be3 Rxc4 24. Rxc4 Bxc4 25. Qg4 Qxa2 26. Bxc5 Qa5 27. Bxe7
Qxe1+ 28. Nf1 Bxf1 29. Bxf1 Rb8 30. hxg6 Rb1 31. Qc4 Rc1 32. Qd3 fxg6 33. Bg5
Qxf1+ 34. Qxf1 Rxf1+ 35. Kxf1 Bxe5 36. Ke2 Kf7 37. Kf3 Bf6 38. Be3 a5 39. Kg4
Bb2 40. f4 a4 0-1

[Event "Tradewise Gibraltar Chess Festival 2014 "]
[Site "The Caleta Hotel - Gibraltar"]
[Date "2014.02.01"]
[Round "5.88"]
[White "Walton, Alan J"]
[Black "Proudian, Armen"]
[Result "0-1"]
[WhiteElo "2083"]
[BlackElo "2273"]
[PlyCount "50"]
[EventDate "2014.01.28"]

1. d4 Nf6 2. Bg5 e6 3. e3 c5 4. c3 b6 5. Nf3 Bb7 6. Nbd2 Be7 7. Bd3 cxd4 8.
exd4 d6 9. Qe2 O-O 10. O-O-O b5 11. Kb1 Nc6 12. h4 Re8 13. Bxf6 Bxf6 14. g4 g6
15. h5 b4 16. hxg6 hxg6 17. Ne4 bxc3 18. bxc3 Rb8 19. Ka1 Bg7 20. Qc2 Qe7 21.
Neg5 Qf6 22. Rh3 Nxd4 23. Nxd4 Qxg5 24. f3 Rec8 25. Be2 Qc5 0-1

[Event "Tradewise Gibraltar Chess Festival 2014 "]
[Site "The Caleta Hotel - Gibraltar"]
[Date "2014.02.01"]
[Round "5.89"]
[White "Omoifo, Osemekhian I"]
[Black "Rindlisbacher, Jan"]
[Result "0-1"]
[WhiteElo "2076"]
[BlackElo "2250"]
[PlyCount "86"]
[EventDate "2014.01.28"]

1. e4 e5 2. Nc3 Nf6 3. Bc4 Bc5 4. d3 Nc6 5. Nf3 a6 6. O-O d6 7. Be3 Bxe3 8.
fxe3 Na5 9. Bb3 O-O 10. Qd2 c6 11. h3 b5 12. Qf2 Bb7 13. Ne2 c5 14. Bd5 Nxd5
15. exd5 Bxd5 16. e4 Be6 17. Nh4 g6 18. Qg3 Kh8 19. Nf3 Qe7 20. c3 Nc6 21. Rfe1
f5 22. a3 c4 23. exf5 gxf5 24. dxc4 bxc4 25. Rad1 f4 26. Qg5 Rad8 27. Kh1 Qxg5
28. Nxg5 Bf5 29. Rd2 h6 30. Nf3 Kg7 31. Red1 Bd3 32. b4 Kf7 33. Rb2 d5 34. Ne1
Bxe2 35. Rxe2 d4 36. cxd4 exd4 37. Rc2 Ne5 38. Nf3 d3 39. Rc3 Nxf3 40. gxf3 Rd4
41. Kg2 Re8 42. Rd2 Rc8 43. Kf2 Ke7 0-1

[Event "Tradewise Gibraltar Chess Festival 2014 "]
[Site "The Caleta Hotel - Gibraltar"]
[Date "2014.02.01"]
[Round "5.90"]
[White "Biegel, Thomas"]
[Black "Nicolas Zapata, Irene"]
[Result "1/2-1/2"]
[WhiteElo "2059"]
[BlackElo "2249"]
[PlyCount "127"]
[EventDate "2014.01.28"]

1. Nf3 Nf6 2. c4 e6 3. g3 d5 4. Bg2 Be7 5. O-O O-O 6. b3 b6 7. Bb2 Bb7 8. e3
Nbd7 9. Qe2 dxc4 10. bxc4 c5 11. d3 Qc7 12. Nc3 a6 13. Rfd1 Rfd8 14. Rab1 Ng4
15. h3 Nge5 16. Nxe5 Nxe5 17. Bxb7 Qxb7 18. f4 Nd7 19. Ne4 h6 20. Qg4 Bf8 21.
Qe2 Qc6 22. Nc3 b5 23. Ba1 Rab8 24. Qg2 Qxg2+ 25. Kxg2 b4 26. Na4 Rbc8 27. Kf3
Nb8 28. Nb6 Rc7 29. Ke2 Nc6 30. Na4 Na5 31. Rd2 Rcd7 32. Rdd1 Rb7 33. Rd2 f6
34. Rdd1 Rdb8 35. Rd2 b3 36. a3 Kf7 37. Bc3 Nc6 38. Rbd1 Ke8 39. Kf3 Kd7 40.
Rb2 Be7 41. Ke2 h5 42. Kf3 Bd6 43. Rg1 Ke7 44. Rf1 Kf7 45. Rfb1 Ne7 46. Rg1 g5
47. Rgb1 Nf5 48. Be1 g4+ 49. hxg4 hxg4+ 50. Ke2 Rh8 51. Bf2 Rh2 52. Rg1 e5 53.
Kf1 Rh3 54. Kg2 Ke8 55. Rh1 Rxh1 56. Kxh1 exf4 57. gxf4 g3 58. Bg1 Rg7 59. Kg2
Nh4+ 60. Kf1 Nf3 61. Nc3 Be7 62. Nb1 f5 63. Rxb3 Kf7 64. Kg2 1/2-1/2

[Event "Tradewise Gibraltar Chess Festival 2014 "]
[Site "The Caleta Hotel - Gibraltar"]
[Date "2014.02.01"]
[Round "5.91"]
[White "Gandrud, Vegar Koi"]
[Black "Nyland, Thomas"]
[Result "1-0"]
[WhiteElo "2242"]
[BlackElo "2047"]
[PlyCount "31"]
[EventDate "2014.01.28"]

1. d4 f5 2. Bg5 h6 3. Bf4 Nf6 4. e3 d6 5. Nc3 g5 6. Bg3 Nbd7 7. h4 g4 8. Bc4
Bg7 9. Nge2 Nh5 10. Qd3 Nb6 11. Bb3 e6 12. e4 Qf6 13. O-O-O f4 14. Qb5+ Kd8 15.
Qxh5 fxg3 16. fxg3 1-0

[Event "Tradewise Gibraltar Chess Festival 2014 "]
[Site "The Caleta Hotel - Gibraltar"]
[Date "2014.02.01"]
[Round "5.92"]
[White "Nejanky, Maisa"]
[Black "Scharrer, Patrick"]
[Result "0-1"]
[WhiteElo "2040"]
[BlackElo "2220"]
[PlyCount "68"]
[EventDate "2014.01.28"]

1. e4 c5 2. Nf3 e6 3. d4 cxd4 4. Nxd4 Nc6 5. Nc3 Qc7 6. Be3 a6 7. Nxc6 bxc6 8.
f4 Rb8 9. Bc4 d5 10. Bb3 Nf6 11. e5 Nd7 12. O-O Be7 13. Ne2 c5 14. c3 c4 15.
Bc2 Rxb2 16. Qc1 Rb7 17. Bd4 Nc5 18. Qe3 Rb2 19. Qc1 Rb7 20. Rf3 Bd7 21. Rh3 g6
22. f5 Nd3 23. Bxd3 cxd3 24. fxg6 fxg6 25. Rxd3 Bb5 26. Nf4 Bxd3 27. Nxd3 O-O
28. Qh6 Rf5 29. Qh3 Qb8 30. Rf1 Rb1 31. Ne1 Qb5 32. g4 Rxf1+ 33. Qxf1 Qxf1+ 34.
Kxf1 Bh4 0-1

[Event "Tradewise Gibraltar Chess Festival 2014 "]
[Site "The Caleta Hotel - Gibraltar"]
[Date "2014.02.01"]
[Round "5.93"]
[White "Vea, Odin Blikra"]
[Black "Perdomo Araujo, Angel Eduardo"]
[Result "1-0"]
[WhiteElo "2217"]
[BlackElo "2018"]
[PlyCount "61"]
[EventDate "2014.01.28"]

1. e4 e6 2. d4 d5 3. Nd2 Nf6 4. e5 Nfd7 5. Bd3 c5 6. c3 Nc6 7. Ne2 cxd4 8. cxd4
f5 9. exf6 Qxf6 10. Nf3 h6 11. O-O Bd6 12. Be3 O-O 13. Bc2 Rd8 14. Qd2 Nf8 15.
Bf4 Bb4 16. Qe3 Bd7 17. a3 Be7 18. b4 a6 19. Ne5 Be8 20. Nxc6 Bxc6 21. Be5 Qf7
22. f4 Bf6 23. f5 exf5 24. Rxf5 Bd7 25. Rf2 Qe7 26. Nf4 Bxe5 27. dxe5 Be6 28.
Raf1 d4 29. Qd3 Bf7 30. e6 Be8 31. Nd5 1-0

[Event "Tradewise Gibraltar Chess Festival 2014 "]
[Site "The Caleta Hotel - Gibraltar"]
[Date "2014.02.01"]
[Round "5.94"]
[White "Al-Tamimi, Hamad"]
[Black "Reppen, Ellisiv"]
[Result "1/2-1/2"]
[WhiteElo "2211"]
[BlackElo "1995"]
[PlyCount "59"]
[EventDate "2014.01.28"]

1. e4 e5 2. Nf3 Nc6 3. Nc3 Nf6 4. Bb5 Nd4 5. Nxd4 exd4 6. e5 dxc3 7. exf6 Qxf6
8. dxc3 Qe5+ 9. Be2 Bc5 10. O-O O-O 11. Bd3 d5 12. Qf3 Bd6 13. g3 c6 14. Be3
Qe6 15. Rfe1 Qg4 16. Qxg4 Bxg4 17. c4 dxc4 18. Bxc4 Rfe8 19. Kg2 Be6 20. Bxe6
Rxe6 21. Bd4 Rxe1 22. Rxe1 a6 23. Rd1 Bc7 24. Bc5 Rd8 25. Re1 b6 26. Re7 Rc8
27. Bb4 c5 28. Bc3 Kf8 29. Rd7 Ke8 30. Rd1 1/2-1/2

[Event "Tradewise Gibraltar Chess Festival 2014 "]
[Site "The Caleta Hotel - Gibraltar"]
[Date "2014.02.01"]
[Round "5.95"]
[White "Marttala, Thomas"]
[Black "Bucknell, Malcolm Gordon"]
[Result "1/2-1/2"]
[WhiteElo "2200"]
[BlackElo "1947"]
[PlyCount "107"]
[EventDate "2014.01.28"]

1. e4 c6 2. c4 d5 3. cxd5 cxd5 4. exd5 Qxd5 5. Nc3 Qd8 6. Bc4 Nf6 7. Nf3 e6 8.
d4 Be7 9. O-O O-O 10. Re1 Nbd7 11. Bd3 Re8 12. Bc2 Nf8 13. Ne5 a6 14. Bg5 Qc7
15. Qf3 Bd7 16. Rac1 Qa5 17. Bb3 Bc6 18. Qh3 Bd5 19. Bxf6 Bxf6 20. Nxd5 exd5
21. Qf3 Rad8 22. Qh5 Ng6 23. f4 Qd2 24. Rcd1 Qxf4 25. g3 Qg5 26. Qxg5 Bxg5 27.
Nxg6 hxg6 28. Rxe8+ Rxe8 29. Bxd5 b6 30. Bf3 Be3+ 31. Kf1 Rd8 32. d5 Bc5 33.
Be2 a5 34. Bb5 Kf8 35. Re1 Bb4 36. Re3 Bc5 37. Re2 Kg8 38. Bc6 Kf8 39. Ke1 f6
40. Kd2 g5 41. Kd3 Kf7 42. Kc4 Rc8 43. Kb5 Rd8 44. a4 Bd4 45. Ka6 f5 46. Rd2
Bc5 47. d6 Rxd6 48. Rxd6 Bxd6 49. Kxb6 Bb4 50. Kb5 Ke6 51. Kc4 Ke5 52. Kd3 g4
53. Bd7 Bc5 54. Ke2 1/2-1/2

[Event "Tradewise Gibraltar Chess Festival 2014 "]
[Site "The Caleta Hotel - Gibraltar"]
[Date "2014.02.01"]
[Round "5.96"]
[White "Mueller, Leonhard"]
[Black "Nilsen, Martin"]
[Result "1-0"]
[WhiteElo "2191"]
[BlackElo "1878"]
[PlyCount "65"]
[EventDate "2014.01.28"]

1. d4 Nf6 2. c4 c5 3. d5 e6 4. Nc3 exd5 5. cxd5 d6 6. e4 g6 7. f4 Bg7 8. Bb5+
Nfd7 9. a4 a6 10. Be2 O-O 11. Nf3 Re8 12. O-O Nf6 13. e5 Nfd7 14. e6 fxe6 15.
dxe6 Nf6 16. f5 gxf5 17. Ng5 Bxe6 18. Nxe6 Rxe6 19. Bc4 d5 20. Nxd5 Kh8 21. Bg5
Re4 22. Qb3 Nc6 23. Qxb7 Na5 24. Qxg7+ Kxg7 25. Bxf6+ Qxf6 26. Nxf6 Rxc4 27.
Rxf5 Kg6 28. Raf1 Rf8 29. R5f3 Ra8 30. Nd7 Kg7 31. Rg3+ Kh8 32. Nb6 Rf8 33.
Rxf8# 1-0

[Event "Tradewise Gibraltar Chess Festival 2014 "]
[Site "The Caleta Hotel - Gibraltar"]
[Date "2014.02.01"]
[Round "5.98"]
[White "Malmdin, Nils-Ake"]
[Black "Cruz Fiallos, Hamilton Tarley"]
[Result "1-0"]
[WhiteElo "2175"]
[BlackElo "1844"]
[PlyCount "91"]
[EventDate "2014.01.28"]

1. e4 e6 2. d4 d5 3. e5 c5 4. c3 Qb6 5. Nf3 Bd7 6. Nbd2 Nh6 7. Bd3 cxd4 8. Nxd4
Nc6 9. Nxc6 bxc6 10. O-O g6 11. a4 a5 12. Qe2 Rb8 13. Nf3 Bg7 14. Be3 Qc7 15.
Bc5 Bf8 16. Bxf8 Kxf8 17. b4 Kg7 18. Rfb1 Rhc8 19. h3 Ra8 20. Qe3 Rcb8 21. Qf4
Ng8 22. h4 Rb7 23. h5 Rba7 24. Ng5 f6 25. exf6+ Nxf6 26. h6+ Kxh6 27. Qxf6 Bc8
28. Nf3 Qe7 29. Qf4+ Kg7 30. Qd4+ Qf6 31. b5 cxb5 32. Bxb5 Rc7 33. Ne5 g5 34.
Rb3 Qf4 35. Rab1 Kf6 36. Nd3+ Qxd4 37. cxd4 Ke7 38. Ne5 Kd6 39. Rg3 h6 40. Rh3
Rc2 41. Rxh6 Rd2 42. Nf3 Ra2 43. Nxg5 Rb8 44. Rc1 Bd7 45. Nxe6 Bxb5 46. Nc7+
1-0

[Event "Tradewise Gibraltar Chess Festival 2014 "]
[Site "The Caleta Hotel - Gibraltar"]
[Date "2014.02.01"]
[Round "5.99"]
[White "Weinstein, Shaul"]
[Black "Zvarik, Martin"]
[Result "0-1"]
[WhiteElo "2025"]
[BlackElo "2216"]
[PlyCount "84"]
[EventDate "2014.01.28"]

1. d4 Nf6 2. c4 d6 3. Nc3 Nbd7 4. e4 e5 5. Nf3 Be7 6. Be2 O-O 7. O-O c6 8. h3
Qc7 9. Qc2 Re8 10. Be3 Nf8 11. Rfe1 h6 12. b4 Ng6 13. b5 c5 14. dxe5 dxe5 15.
a4 a5 16. Rad1 b6 17. Bc1 Qb8 18. Nh2 Nf8 19. Qd3 Ne6 20. Qg3 Kh7 21. Ng4 Nxg4
22. Bxg4 Nd4 23. Nd5 Be6 24. Bxe6 fxe6 25. Ne3 Bg5 26. h4 Bf4 27. Qg4 Rf8 28.
g3 Bxe3 29. Rxe3 Rf6 30. h5 Qf8 31. Rf1 Qf7 32. Rd3 Rf8 33. Be3 g6 34. hxg6+
Rxg6 35. Qh3 Qf3 36. Qg2 Qe2 37. Bxd4 Qxd3 38. Bxe5 Qxc4 39. Rd1 Qxa4 40. Rd7+
Kg8 41. Qh3 Qxe4 42. Bc3 Qf3 0-1

[Event "Tradewise Gibraltar Chess Festival 2014 "]
[Site "The Caleta Hotel - Gibraltar"]
[Date "2014.02.01"]
[Round "5.100"]
[White "Berry, Neil"]
[Black "Krokay, Urszula"]
[Result "1-0"]
[WhiteElo "2227"]
[BlackElo "1926"]
[PlyCount "85"]
[EventDate "2014.01.28"]

1. d4 Nf6 2. c4 e6 3. Nc3 Bb4 4. f3 d5 5. a3 Bxc3+ 6. bxc3 h6 7. cxd5 exd5 8.
e3 Bf5 9. Ne2 O-O 10. g4 Nxg4 11. fxg4 Qh4+ 12. Kd2 Bxg4 13. Qe1 Qe7 14. Rg1
Bf5 15. Qg3 g6 16. Nf4 c6 17. a4 Nd7 18. Ba3 c5 19. Bd3 Bxd3 20. Nxd3 Nf6 21.
Nxc5 b6 22. Qe5 Qxe5 23. dxe5 bxc5 24. exf6 Rfc8 25. Rab1 Rc6 26. Rb5 Rxf6 27.
Bxc5 Rf2+ 28. Kd3 Rxh2 29. Rgb1 Ra2 30. Rb8+ Rxb8 31. Rxb8+ Kh7 32. Rb7 Rf2 33.
Rxa7 g5 34. a5 g4 35. Bd6 h5 36. a6 Kg6 37. Bg3 Ra2 38. Ra8 Kf5 39. a7 f6 40.
Kd4 Ra5 41. Bh4 Ra4+ 42. Kxd5 Ra6 43. c4 1-0

[Event "Tradewise Gibraltar Chess Festival 2014 "]
[Site "The Caleta Hotel - Gibraltar"]
[Date "2014.02.01"]
[Round "5.101"]
[White "Othman, Mustapha"]
[Black "Barrenechea Bahamonde, Gustavo"]
[Result "1/2-1/2"]
[WhiteElo "1905"]
[BlackElo "2208"]
[PlyCount "143"]
[EventDate "2014.01.28"]

1. e4 c5 2. Nf3 d6 3. d4 cxd4 4. Nxd4 Nf6 5. Nc3 g6 6. Be2 Bg7 7. Be3 Nc6 8.
O-O O-O 9. h3 d5 10. exd5 Nxd5 11. Nxd5 Qxd5 12. Bf3 Qc4 13. b3 Qc3 14. Nxc6
bxc6 15. Qe2 a5 16. Bd2 Qxc2 17. Rac1 Qxa2 18. Qe3 Rb8 19. Bxc6 Rxb3 20. Qg5 a4
21. Qa5 Be6 22. Bb4 Rxb4 23. Qxb4 a3 24. Rc5 Qb2 25. Qxb2 Bxb2 26. Rb5 Bc4 27.
Ra5 Rd8 28. Bb5 Bb3 29. Re1 Rd2 30. Re3 Rd1+ 31. Kh2 a2 32. Rxb3 Be5+ 33. f4
a1=Q 34. Rxa1 Bxa1 35. Kg3 h5 36. Kf3 h4 37. Bd3 Rd2 38. f5 Kg7 39. fxg6 fxg6
40. Be4 Bd4 41. Kg4 Rf2 42. Bf3 Bf6 43. Re3 Rc2 44. g3 g5 45. gxh4 gxh4 46. Be2
Rc5 47. Re4 Rg5+ 48. Kf4 e5+ 49. Ke3 Rg3+ 50. Bf3 Rxh3 51. Rg4+ Kf7 52. Kf2 e4
53. Bxe4 Ra3 54. Bd5+ Ke7 55. Re4+ Kd7 56. Rf4 Be5 57. Rf3 Bg3+ 58. Kg2 Ra5 59.
Rd3 Kd6 60. Kh3 Ke5 61. Bg2 Ra2 62. Re3+ Kf4 63. Rf3+ Kg5 64. Rd3 Re2 65. Rf3
Bf2 66. Rb3 Be3 67. Rd3 Kf4 68. Rb3 Rd2 69. Rb4+ Kg5 70. Rb3 Kf4 71. Rb4+ Bd4
72. Rb3 1/2-1/2

[Event "Tradewise Gibraltar Chess Festival 2014 "]
[Site "The Caleta Hotel - Gibraltar"]
[Date "2014.02.01"]
[Round "5.102"]
[White "Jorgensen, Line Jin"]
[Black "Lercel, Michal"]
[Result "0-1"]
[WhiteElo "1925"]
[BlackElo "2150"]
[PlyCount "98"]
[EventDate "2014.01.28"]

1. d4 Nf6 2. c4 g6 3. Nc3 Bg7 4. e4 d6 5. f4 c5 6. d5 O-O 7. Nf3 b5 8. cxb5 a6
9. bxa6 Bxa6 10. Bxa6 Nxa6 11. Qe2 Nb4 12. O-O Qb6 13. Kh1 Rfb8 14. a3 Qa6 15.
Qxa6 Rxa6 16. h3 Nd3 17. Rb1 Nh5 18. Ne2 Nxc1 19. Rfxc1 Rxb2 20. Rxb2 Bxb2 21.
Rb1 Bxa3 22. Rb8+ Kg7 23. e5 Bc1 24. Rb7 Bxf4 25. Nxf4 Nxf4 26. Rxe7 dxe5 27.
Nxe5 Kf6 28. Re8 Rd6 29. Ng4+ Kg7 30. Re4 Nxd5 31. Rc4 Rc6 32. Ne5 Nb6 33. Rc1
Rc7 34. Rb1 Nd7 35. Nc4 Kf6 36. Re1 Rc6 37. Kg1 Re6 38. Rc1 Ke7 39. Kf1 h5 40.
Na5 Re4 41. g3 Kd6 42. Rd1+ Rd4 43. Rc1 Kd5 44. Ke2 c4 45. Nb7 Rd3 46. g4 h4
47. Rh1 Ne5 48. Na5 Kc5 49. Rc1 Rxh3 0-1

[Event "Tradewise Gibraltar Chess Festival 2014 "]
[Site "The Caleta Hotel - Gibraltar"]
[Date "2014.02.01"]
[Round "5.103"]
[White "Zachariassen, John"]
[Black "Becham, Khalid"]
[Result "1/2-1/2"]
[WhiteElo "1894"]
[BlackElo "2122"]
[PlyCount "93"]
[EventDate "2014.01.28"]

1. c4 b6 2. Nc3 Bb7 3. Nf3 e6 4. g3 Bb4 5. Bg2 Bxc3 6. bxc3 Nf6 7. O-O O-O 8.
Qb3 c5 9. d4 d6 10. a4 Nc6 11. a5 Ba6 12. axb6 axb6 13. Nd2 Na5 14. Rxa5 bxa5
15. Bxa8 Qxa8 16. Qb6 cxd4 17. cxd4 d5 18. Qxa5 Bxc4 19. Qxa8 Rxa8 20. Re1 Ra2
21. h3 Rc2 22. e3 Nd7 23. e4 f5 24. exf5 exf5 25. Nf3 Be2 26. Kg2 Bxf3+ 27.
Kxf3 Kf7 28. Be3 Nf8 29. Rc1 Rc4 30. Ke2 h6 31. h4 Ra4 32. Rc5 Ke6 33. Rc6+ Kd7
34. Rc5 Kd6 35. Bf4+ Ke6 36. Be3 Rc4 37. Ra5 f4 38. gxf4 Ng6 39. f5+ Kxf5 40.
Rxd5+ Ke6 41. Rh5 Rxd4 42. Rxh6 gxh6 43. Bxd4 Nxh4 44. Be3 h5 45. Kf1 Kf5 46.
Kg1 Kg4 47. Ba7 1/2-1/2

[Event "Tradewise Gibraltar Chess Festival 2014 "]
[Site "The Caleta Hotel - Gibraltar"]
[Date "2014.02.01"]
[Round "5.104"]
[White "Machlik, Jon"]
[Black "Kandic, Milan"]
[Result "0-1"]
[WhiteElo "1891"]
[BlackElo "2080"]
[PlyCount "82"]
[EventDate "2014.01.28"]

1. e4 c5 2. Nf3 a6 3. b3 Nc6 4. Bb2 Nf6 5. e5 Nd5 6. c4 Nc7 7. Nc3 d5 8. exd6
exd6 9. d4 Bg4 10. d5 Nd4 11. Be2 Nxe2 12. Qxe2+ Qe7 13. Qxe7+ Bxe7 14. Nd2 b5
15. O-O O-O 16. Rfe1 Bf6 17. f4 Bf5 18. Nde4 Bxe4 19. Rxe4 bxc4 20. Rxc4 Nxd5
21. Nxd5 Bxb2 22. Rd1 Bd4+ 23. Kf1 Ra7 24. Rd2 a5 25. g3 g6 26. Nc3 Bxc3 27.
Rxc3 Ra6 28. Rcd3 Rd8 29. Rd5 Rc6 30. Ke2 Kf8 31. Kd3 Ke7 32. Kc4 Rb8 33. a3
Rcb6 34. R2d3 a4 35. bxa4 Ra8 36. Kc3 Rxa4 37. Kc2 Rc4+ 38. Kd1 Ra6 39. Re3+
Kd7 40. Red3 Ke6 41. h4 Rca4 0-1

[Event "Tradewise Gibraltar Chess Festival 2014 "]
[Site "The Caleta Hotel - Gibraltar"]
[Date "2014.02.01"]
[Round "5.105"]
[White "Dasaolu, Rotimi"]
[Black "Rygg, Snorre"]
[Result "1-0"]
[WhiteElo "2077"]
[BlackElo "1840"]
[PlyCount "91"]
[EventDate "2014.01.28"]

1. e4 c5 2. Nf3 d6 3. Bb5+ Bd7 4. Bxd7+ Nxd7 5. O-O g6 6. c3 Bg7 7. d4 cxd4 8.
cxd4 e6 9. Nc3 a6 10. Bf4 e5 11. Be3 Ne7 12. Qd2 O-O 13. Rfd1 exd4 14. Nxd4 Ne5
15. Qe2 Rc8 16. Rac1 h6 17. Nb3 Rc6 18. Bd4 Qc7 19. f4 Nd7 20. Qe3 Rc8 21. Bxg7
Kxg7 22. Rd4 Nc5 23. Nxc5 dxc5 24. Rd2 Rd8 25. Nd5 Nxd5 26. exd5 Rf6 27. Rxc5
Qb6 28. Qd4 Kh7 29. Rc4 Qd6 30. Qe5 Qb6+ 31. Qd4 Qd6 32. Qf2 Qe7 33. Rcd4 Qc7
34. g3 Rfd6 35. Kg2 Qa5 36. b4 Qc7 37. Qf3 Qd7 38. Qd3 Rc8 39. Qf3 Ra8 40. h3
Rc8 41. g4 Rg8 42. Rf2 Rd8 43. f5 Rxd5 44. fxg6+ fxg6 45. Rf4 Qc6 46. Rf7+ 1-0

[Event "Tradewise Gibraltar Chess Festival 2014 "]
[Site "The Caleta Hotel - Gibraltar"]
[Date "2014.02.01"]
[Round "5.106"]
[White "Bjorn, Lasse E"]
[Black "Suez-Panama, Gilles"]
[Result "0-1"]
[WhiteElo "1879"]
[BlackElo "2071"]
[PlyCount "66"]
[EventDate "2014.01.28"]

1. d4 d5 2. c4 c6 3. Nc3 e6 4. Nf3 dxc4 5. e4 b5 6. Be2 Bb4 7. O-O Bb7 8. a3
Ba5 9. e5 Bxc3 10. bxc3 Ne7 11. Ng5 Nd5 12. Qc2 h6 13. Ne4 O-O 14. Bh5 f5 15.
Nd6 Bc8 16. Kh1 a5 17. g4 Qh4 18. Rg1 fxg4 19. Qg6 Ne7 20. Qxg4 Qxg4 21. Rxg4
Nf5 22. Nxf5 Rxf5 23. Bxh6 Ra7 24. Bg6 Rxf2 25. Rag1 c5 26. Bxg7 Bb7+ 27. Be4
Bxe4+ 28. Rxe4 Rxg7 29. dxc5 Nc6 30. Rxg7+ Kxg7 31. Rg4+ Kf7 32. h4 Nxe5 33.
Rg5 Nf3 0-1